संस्कृत व्याकरण की दार्शनिक मीमांसा / (Record no. 118343)
[ view plain ]
| 000 -LEADER | |
|---|---|
| fixed length control field | 01219nam a22002657a 4500 |
| 005 - DATE AND TIME OF LATEST TRANSACTION | |
| control field | 20170124103110.0 |
| 010 ## - LIBRARY OF CONGRESS CONTROL NUMBER | |
| LC control number | A-815387 |
| 020 ## - INTERNATIONAL STANDARD BOOK NUMBER | |
| Terms of availability | 195.00 |
| 035 ## - SYSTEM CONTROL NUMBER | |
| System control number | A-815387 |
| 037 ## - SOURCE OF ACQUISITION | |
| Source of stock number/acquisition | Cen Lib/Ret |
| 040 ## - CATALOGING SOURCE | |
| Original cataloging agency | DPL |
| Language of cataloging | HN |
| 082 ## - DEWEY DECIMAL CLASSIFICATION NUMBER | |
| Classification number | 415 |
| Item number | मंगला |
| 100 ## - MAIN ENTRY--PERSONAL NAME | |
| Personal name | मंगलाराम |
| 9 (RLIN) | 134686 |
| 245 ## - TITLE STATEMENT | |
| Title | संस्कृत व्याकरण की दार्शनिक मीमांसा / |
| Statement of responsibility, etc | मंगलाराम |
| 246 ## - VARYING FORM OF TITLE | |
| Title proper/short title | Sanskrit vyakaran ki darshnik meemansa / |
| Remainder of title | by Mangalaram |
| 260 ## - PUBLICATION, DISTRIBUTION, ETC. (IMPRINT) | |
| Place of publication, distribution, etc | जोधपुर |
| Name of publisher, distributor, etc | राजस्थानी ग्रंथागार |
| Date of publication, distribution, etc | 1995 |
| 270 ## - ADDRESS | |
| City | जोधपुर |
| Address | सोजती गेट के बहार |
| 300 ## - PHYSICAL DESCRIPTION | |
| Extent | xxiii,199पृ. |
| Dimensions | 20सेमी(सजिल्द ) |
| 500 ## - GENERAL NOTE | |
| General note | अनुक्रमाणिका एवं ग्रन्थ सूची भी शामिल |
| 650 ## - SUBJECT ADDED ENTRY--TOPICAL TERM | |
| Topical term or geographic name as entry element | हिन्दी --भाषा |
| General subdivision | |
| Geographic subdivision | |
| 9 (RLIN) | 134687 |
| 650 ## - SUBJECT ADDED ENTRY--TOPICAL TERM | |
| Topical term or geographic name as entry element | हिन्दी --भाषा--संस्कृत व्याकरण |
| 9 (RLIN) | 47237 |
| 650 ## - SUBJECT ADDED ENTRY--TOPICAL TERM | |
| Topical term or geographic name as entry element | Hindi--bhasha |
| 9 (RLIN) | 43966 |
| 650 ## - SUBJECT ADDED ENTRY--TOPICAL TERM | |
| Topical term or geographic name as entry element | Hindi--bhasha--Sanskrit grammer |
| 9 (RLIN) | 79626 |
| 942 ## - ADDED ENTRY ELEMENTS (KOHA) | |
| Source of classification or shelving scheme | Dewey Decimal Classification |
| Koha item type | Hindi Books |
| Classification part | 415 |
| Call number suffix | मंगला |
| Withdrawn status | Lost status | Damaged status | Not for loan | Home library | Current library | Date acquired | Source of acquisition | Cost, normal purchase price | Total Checkouts | Full call number | Barcode | Date last seen | Copy number | Cost, replacement price | Price effective from | Koha item type |
|---|---|---|---|---|---|---|---|---|---|---|---|---|---|---|---|---|
| Central Library | Central Library | 11/09/2015 | Cen Lib/Ref | 195.00 | 415 मंगला | A-815387 | 11/09/2015 | 1 | 195.00 | 15/09/2016 | Hindi Books |
